LEADER 01140nam a2200277 u 4500 001 000000009524 003 CaOOAMICUS 005 20070226105220.0 008 940516s1980 it u000 u ita u 035 $a10239414 040 $aPUL$bita 100 1 $aRipanti, Graziano.$0(OLS)http://pul/name/9404 245 10$aAgostino teorico dell'interpretazione /$cGraziano Ripanti. 260 $aBrescia :$bPaideia,$c1980. 300 $a92, [3] p. ;$c21 cm 490 1 $aFilosofia della religione.$aTesti e Studi ;$v3 504 $aBibliografia: p. 87-92 600 04$aAugustinus,$cs., vesc. d'Ippona,$d354-430.$0(OLS)http://pul/subject/758 830 0$aFilosofia della religione.$pTesti e Studi ;$v3.$0(OLS)http://pul/title/13964 850 $aPUL 852 $aPUL$W1$xSL Religione 1$y3$m24 H 15$j13494$nBK-PRI$b $qStampati$B13494$CPULBib$Z2$F13494 $H $81 941 1 $a8 960 $aAgostino,$cs., vesc. d'Ippona,$d354-430$9758 961 $aINV: 48631 996 $6245$aAgostino teorico dell'interpretazione$9(OLS)http://pul/title/13963 996 $6260$aBrescia :$bPaideia$9(OLS)http://pul/publisher/47884 LEADER 00960nam a2200229 u 4500 001 000000089053 003 CaOOAMICUS 005 20070226124558.0 008 051109s1954 it ab u000 u ita u 035 $a11067849 040 $aPUL(R)$bita 100 1 $aPagani, Virginia.$0(OLS)http://pul/name/26518 245 13$aLa storia di Gesł narrata ai fanciulli /$cVirginia Pagani. 250 $a4. ed. 260 $aAssisi :$bEdizioni Pro Civitate Christiana,$c1954. 300 $a202 p. :$bill., ;$c19 cm +$e1 carta geogr 600 04$aIesus Christus$xNarrativa per ragazzi.$0(OLS)http://pul/subject/29109 850 $aPUL 852 $aPUL$W1$xDP1 Fondo Pastorale$y55$mP9 E 11$j112670$nBK-PRI$b $qFondi$B112670$CPULBib$Z2$F112670 $HPUL406 $81 941 1 $a1 996 $6245$aLa storia di Gesł narrata ai fanciulli$9(OLS)http://pul/title/115033 996 $6260$aAssisi :$bEdizioni Pro Civitate Christiana$9(OLS)http://pul/publisher/60727